000
00265nam a22001097a 4500
003
OSt
008
250128b |||||||| |||| 00| 0 eng d
041
_a
eng
100
_a
Gite, LP
_9
5437
245
_a
Sourcing and Fertilizer Application Equipment of India
942
_c
BK
999
_c
19159
_d
19159